| 000 | 00360nam a2200121 4500 | ||
|---|---|---|---|
| 999 |
_c10373 _d10373 |
||
| 008 | 180824b ||||| |||| 00| 0 eng d | ||
| 100 |
_930519 _aMendez, Christina |
||
| 245 |
_aPalace says Duterte 'in pink of health'/ _cChristina Mendez |
||
| 260 |
_aPhilippines _bThe Philippine Star _cc2017 |
||
| 300 | _apage 2. | ||
| 650 | 0 |
_930520 _aHealth. |
|
| 942 |
_2ddc _cPER |
||